[Event "Turniej Blitza na II Lidze Juniorów 2018"]
[Site "Szczyrk, Poland"]
[Date "2018.07.26"]
[Round "2.33"]
[White "Skrzypinski, Jan"]
[Black "Kawaler, Adam"]
[Result "1-0"]
[TimeControl "3'+2\""]
[WhiteElo "1231"]
[BlackElo "1602"]

1. c3 {[%clk 00:03:01]} {[%emt 00:00:02]} d5 {[%clk 00:03:01]} {[%emt
00:00:04]} 2. d4 {[%clk 00:03:03]} e6 {[%clk 00:03:02]} {[%emt 00:00:01]} 3.
Bf4 {[%clk 00:03:04]} c5 {[%clk 00:03:02]} {[%emt 00:00:02]} 4. e3 {[%clk
00:03:05]} Nc6 {[%clk 00:03:03]} {[%emt 00:00:01]} 5. Bb5 {[%clk 00:03:05]} Nf6
{[%clk 00:02:59]} {[%emt 00:00:07]} 6. Nf3 {[%clk 00:03:01]} {[%emt 00:00:06]}
Bd7 {[%clk 00:02:58]} {[%emt 00:00:02]} 7. Bxc6 {[%clk 00:03:01]} {[%emt
00:00:01]} bxc6 {[%clk 00:02:58]} {[%emt 00:00:03]} 8. O-O {[%clk 00:03:00]}
{[%emt 00:00:03]} cxd4 {[%clk 00:02:59]} {[%emt 00:00:02]} 9. Nxd4 {[%clk
00:02:57]} {[%emt 00:00:05]} c5 {[%clk 00:03:00]} {[%emt 00:00:01]} 10. Nf3
{[%clk 00:02:57]} {[%emt 00:00:02]} Be7 {[%clk 00:02:57]} {[%emt 00:00:04]} 11.
c4 {[%clk 00:02:54]} {[%emt 00:00:05]} O-O {[%clk 00:02:50]} {[%emt 00:00:10]}
12. Nc3 {[%clk 00:02:49]} {[%emt 00:00:07]} dxc4 {[%clk 00:02:25]} {[%emt
00:00:28]} 13. Qe2 {[%clk 00:02:37]} {[%emt 00:00:11]} Bc6 {[%clk 00:02:23]}
{[%emt 00:00:06]} 14. Rfd1 {[%clk 00:02:29]} {[%emt 00:00:08]} Qb6 {[%clk
00:02:20]} {[%emt 00:00:07]} 15. Qxc4 {[%clk 00:02:05]} {[%emt 00:00:26]} Bxf3
{[%clk 00:02:20]} {[%emt 00:00:02]} 16. gxf3 {[%clk 00:02:05]} {[%emt
00:00:02]} Rfd8 {[%clk 00:02:10]} {[%emt 00:00:11]} 17. Na4 {[%clk 00:01:54]}
{[%emt 00:00:14]} Qc6 {[%clk 00:02:08]} {[%emt 00:00:04]} 18. Rxd8+ {[%clk
00:01:43]} {[%emt 00:00:12]} Rxd8 {[%clk 00:02:05]} {[%emt 00:00:06]} 19. Kg2
{[%clk 00:01:37]} {[%emt 00:00:06]} Nd5 {[%clk 00:02:05]} {[%emt 00:00:04]} 20.
Bg3 {[%clk 00:01:34]} {[%emt 00:00:04]} Nb6 {[%clk 00:01:57]} {[%emt 00:00:11]}
21. Nxb6 {[%clk 00:01:30]} {[%emt 00:00:06]} axb6 {[%clk 00:01:58]} {[%emt
00:00:01]} 22. Qc2 {[%clk 00:01:22]} {[%emt 00:00:09]} h6 {[%clk 00:01:56]}
{[%emt 00:00:04]} 23. Rd1 {[%clk 00:01:23]} {[%emt 00:00:01]} Rxd1 {[%clk
00:01:56]} {[%emt 00:00:03]} 24. Qxd1 {[%clk 00:01:19]} {[%emt 00:00:05]} Qb5
{[%clk 00:01:53]} {[%emt 00:00:07]} 25. Qd2 {[%clk 00:01:14]} {[%emt 00:00:05]}
Bf6 {[%clk 00:01:52]} {[%emt 00:00:03]} 26. b3 {[%clk 00:01:13]} {[%emt
00:00:03]} c4 {[%emt 00:00:10]} 27. bxc4 {[%clk 00:01:10]} {[%emt 00:00:04]}
Qxc4 {[%clk 00:01:47]} 28. Qd6 {[%clk 00:01:01]} {[%emt 00:00:10]} b5 {[%clk
00:01:43]} {[%emt 00:00:07]} 29. h3 {[%clk 00:00:53]} {[%emt 00:00:08]} b4
{[%clk 00:01:37]} {[%emt 00:00:09]} 30. Bf4 {[%clk 00:00:38]} {[%emt 00:00:17]}
Bc3 {[%clk 00:01:13]} {[%emt 00:00:26]} 31. Qb8+ {[%clk 00:00:24]} {[%emt
00:00:16]} Kh7 {[%clk 00:01:13]} {[%emt 00:00:02]} 32. Bd6 {[%clk 00:00:25]}
{[%emt 00:00:02]} Be1 {[%clk 00:00:45]} {[%emt 00:00:29]} 33. Qf8 {[%clk
00:00:18]} {[%emt 00:00:08]} Qxa2 {[%clk 00:00:38]} {[%emt 00:00:10]} 34. Bg3
{[%clk 00:00:06]} {[%emt 00:00:13]} e5 {[%clk 00:00:33]} {[%emt 00:00:09]} 35.
Bxe5 {[%clk 00:00:03]} {[%emt 00:00:05]} Qxf2+ {[%clk 00:00:33]} {[%emt
00:00:02]} 36. Kh1 {[%clk 00:00:04]} Qxf3+ {[%clk 00:00:34]} {[%emt 00:00:02]}
37. Kg1 {[%clk 00:00:05]} Bf2+ {[%clk 00:00:33]} {[%emt 00:00:03]} 38. Kh2
{[%clk 00:00:05]} {[%emt 00:00:02]} Bxe3 {[%clk 00:00:28]} {[%emt 00:00:08]} 39.
Qxg7# {[%emt 00:00:02]} 1-0

[Event "Turniej Blitza na II Lidze Juniorów 2018"]
[Site "Szczyrk, Poland"]
[Date "2018.07.26"]
[Round "2.1"]
[White "Piesik, Piotr"]
[Black "Meers, Hubert"]
[Result "1-0"]
[TimeControl "3'+2\""]
[WhiteTitle "FM"]
[WhiteElo "2305"]
[BlackElo "1549"]

1. Nf3 {[%clk 00:03:03]} {[%emt 00:01:26]} Nf6 {[%clk 00:03:03]} {[%emt
00:00:01]} 2. g3 {[%clk 00:03:04]} g6 {[%clk 00:03:04]} 3. Bg2 {[%clk
00:03:05]} {[%emt 00:00:01]} Bg7 {[%clk 00:03:04]} {[%emt 00:00:01]} 4. O-O
{[%clk 00:03:07]} O-O {[%clk 00:03:04]} {[%emt 00:00:03]} 5. d4 {[%clk
00:03:08]} {[%emt 00:00:01]} d6 {[%clk 00:03:04]} {[%emt 00:00:03]} 6. Nbd2
{[%clk 00:03:09]} {[%emt 00:00:01]} Nc6 {[%clk 00:03:03]} {[%emt 00:00:03]} 7.
e4 {[%clk 00:03:10]} {[%emt 00:00:01]} Bg4 {[%clk 00:02:58]} {[%emt 00:00:07]}
8. c3 {[%clk 00:03:10]} {[%emt 00:00:02]} e5 {[%clk 00:02:56]} {[%emt
00:00:03]} 9. dxe5 {[%clk 00:02:54]} {[%emt 00:00:18]} Nxe5 {[%clk 00:02:54]}
{[%emt 00:00:04]} 10. Qc2 {[%clk 00:02:54]} {[%emt 00:00:02]} Qd7 {[%clk
00:02:48]} {[%emt 00:00:09]} 11. Nxe5 {[%clk 00:02:51]} {[%emt 00:00:04]} dxe5
{[%clk 00:02:48]} {[%emt 00:00:03]} 12. Nc4 {[%clk 00:02:51]} {[%emt 00:00:01]}
Rfe8 {[%clk 00:02:39]} {[%emt 00:00:12]} 13. Bg5 {[%clk 00:02:44]} {[%emt
00:00:08]} Rad8 {[%clk 00:02:34]} {[%emt 00:00:07]} 14. Ne3 {[%clk 00:02:35]}
{[%emt 00:00:11]} Be6 {[%clk 00:02:28]} {[%emt 00:00:08]} 15. Rfd1 {[%clk
00:02:30]} {[%emt 00:00:08]} Qc6 {[%clk 00:02:15]} {[%emt 00:00:15]} 16. Nd5
{[%clk 00:02:19]} {[%emt 00:00:12]} Bxd5 {[%clk 00:02:07]} {[%emt 00:00:11]} 17.
exd5 {[%clk 00:02:20]} {[%emt 00:00:01]} Qd6 {[%clk 00:02:08]} {[%emt
00:00:01]} 18. c4 {[%clk 00:02:17]} {[%emt 00:00:05]} h6 {[%clk 00:02:04]}
{[%emt 00:00:05]} 19. c5 {[%clk 00:02:17]} {[%emt 00:00:03]} Qd7 {[%clk
00:02:04]} {[%emt 00:00:01]} 20. Be3 {[%clk 00:01:56]} {[%emt 00:00:23]} Ng4
{[%clk 00:01:27]} {[%emt 00:00:40]} 21. c6 {[%clk 00:01:48]} {[%emt 00:00:10]}
Qc8 {[%clk 00:00:58]} {[%emt 00:00:30]} 22. Bxa7 {[%clk 00:01:13]} {[%emt
00:00:38]} b6 {[%clk 00:00:55]} {[%emt 00:00:04]} 23. d6 {[%clk 00:01:14]}
{[%emt 00:00:01]} Qa6 {[%clk 00:00:40]} {[%emt 00:00:18]} 24. dxc7 {[%clk
00:00:56]} {[%emt 00:00:20]} Rxd1+ 25. Rxd1 {[%clk 00:00:57]} Qxa7 {[%emt
00:00:01]} 26. Rd8 {[%clk 00:00:53]} {[%emt 00:00:05]} Qa8 {[%clk 00:00:14]}
{[%emt 00:00:30]} 27. Rxa8 {[%clk 00:00:50]} {[%emt 00:00:05]} Rxa8 {[%clk
00:00:15]} 28. Qd1 {[%clk 00:00:39]} {[%emt 00:00:13]} 1-0

[Event "Turniej Blitza na II Lidze Juniorów 2018"]
[Site "Szczyrk, Poland"]
[Date "2018.07.26"]
[Round "2.15"]
[White "Marczak, Szymon"]
[Black "Krzyzosiak, Marta"]
[Result "1-0"]
[TimeControl "3'+2\""]
[WhiteElo "1855"]
[BlackElo "1461"]

1. e4 {[%clk 00:03:02]} {[%emt 00:01:43]} c5 {[%clk 00:03:00]} {[%emt
00:00:14]} 2. Nf3 {[%clk 00:03:03]} {[%emt 00:00:01]} d6 {[%clk 00:03:00]}
{[%emt 00:00:02]} 3. Bb5+ {[%clk 00:03:04]} {[%emt 00:00:01]} Bd7 {[%clk
00:03:00]} {[%emt 00:00:02]} 4. Bxd7+ {[%clk 00:03:05]} {[%emt 00:00:01]} Nxd7
{[%clk 00:02:59]} {[%emt 00:00:02]} 5. O-O {[%clk 00:03:05]} {[%emt 00:00:02]}
Ngf6 {[%clk 00:02:59]} {[%emt 00:00:03]} 6. Qe2 {[%clk 00:03:06]} g6 {[%clk
00:02:58]} {[%emt 00:00:03]} 7. d4 {[%clk 00:03:02]} {[%emt 00:00:06]} cxd4
{[%clk 00:02:55]} {[%emt 00:00:04]} 8. Nxd4 {[%clk 00:03:03]} {[%emt 00:00:01]}
Bg7 {[%clk 00:02:55]} {[%emt 00:00:02]} 9. Rd1 {[%clk 00:03:01]} {[%emt
00:00:04]} O-O {[%clk 00:02:54]} {[%emt 00:00:03]} 10. c4 {[%clk 00:03:02]}
{[%emt 00:00:01]} Nc5 {[%clk 00:02:49]} {[%emt 00:00:08]} 11. Nc3 {[%clk
00:03:00]} {[%emt 00:00:04]} a6 {[%clk 00:02:48]} {[%emt 00:00:02]} 12. f3
{[%clk 00:03:00]} {[%emt 00:00:02]} Rc8 {[%clk 00:02:39]} {[%emt 00:00:11]} 13.
b3 {[%clk 00:02:58]} {[%emt 00:00:05]} Qb6 {[%clk 00:02:31]} {[%emt 00:00:09]}
14. Be3 {[%clk 00:02:56]} {[%emt 00:00:05]} Qc7 {[%clk 00:02:29]} {[%emt
00:00:04]} 15. Rac1 {[%clk 00:02:57]} {[%emt 00:00:01]} Ncd7 {[%clk 00:02:17]}
{[%emt 00:00:14]} 16. Qd2 {[%clk 00:02:37]} {[%emt 00:00:21]} Rfd8 {[%clk
00:02:03]} {[%emt 00:00:16]} 17. h3 {[%clk 00:02:27]} {[%emt 00:00:13]} Nh5
{[%clk 00:01:56]} {[%emt 00:00:09]} 18. Nd5 {[%clk 00:02:20]} {[%emt 00:00:09]}
Qb8 {[%clk 00:01:43]} {[%emt 00:00:14]} 19. Nxe7+ {[%clk 00:02:21]} {[%emt
00:00:02]} Kh8 {[%clk 00:01:43]} {[%emt 00:00:02]} 20. Nxc8 {[%clk 00:02:21]}
{[%emt 00:00:02]} Qxc8 {[%clk 00:01:40]} {[%emt 00:00:05]} 21. g4 {[%clk
00:02:16]} {[%emt 00:00:06]} Nhf6 {[%clk 00:01:38]} {[%emt 00:00:04]} 22. Ne2
{[%clk 00:02:12]} {[%emt 00:00:06]} Ne5 {[%clk 00:01:37]} {[%emt 00:00:03]} 23.
Kg2 {[%clk 00:02:09]} {[%emt 00:00:06]} h5 {[%clk 00:01:33]} {[%emt 00:00:05]}
24. Bf4 {[%clk 00:01:46]} {[%emt 00:00:26]} Qc5 {[%clk 00:01:17]} {[%emt
00:00:18]} 25. Qd4 {[%clk 00:01:37]} {[%emt 00:00:11]} Qxd4 {[%clk 00:01:15]}
{[%emt 00:00:04]} 26. Rxd4 {[%clk 00:01:33]} {[%emt 00:00:06]} Nc6 {[%clk
00:01:06]} {[%emt 00:00:10]} 27. Rxd6 {[%clk 00:01:32]} {[%emt 00:00:03]} Rxd6
{[%clk 00:01:07]} {[%emt 00:00:02]} 28. Bxd6 {[%clk 00:01:33]} {[%emt
00:00:01]} Nd7 {[%clk 00:01:01]} {[%emt 00:00:07]} 29. Rd1 {[%clk 00:01:28]}
{[%emt 00:00:08]} Nde5 {[%clk 00:00:57]} {[%emt 00:00:05]} 30. f4 {[%clk
00:01:24]} {[%emt 00:00:07]} Nd7 {[%clk 00:00:53]} {[%emt 00:00:06]} 31. e5
{[%clk 00:01:25]} {[%emt 00:00:02]} hxg4 {[%clk 00:00:51]} {[%emt 00:00:03]} 32.
hxg4 {[%clk 00:01:26]} {[%emt 00:00:01]} Kg8 {[%clk 00:00:52]} {[%emt
00:00:01]} 33. Nd4 {[%clk 00:01:24]} {[%emt 00:00:04]} Nxd4 {[%clk 00:00:50]}
{[%emt 00:00:04]} 34. Rxd4 {[%clk 00:01:24]} {[%emt 00:00:01]} Nb6 {[%clk
00:00:50]} {[%emt 00:00:03]} 35. Bc5 {[%clk 00:01:22]} {[%emt 00:00:04]} 1-0

[Event "Turniej Blitza na II Lidze Juniorów 2018"]
[Site "Szczyrk, Poland"]
[Date "2018.07.26"]
[Round "2.44"]
[White "Jedrzejewska, Zuzanna"]
[Black "Pyzio, Amelia"]
[Result "0-1"]
[TimeControl "3'+2\""]
[WhiteElo "1194"]
[BlackElo "1747"]

1. d4 {[%clk 00:03:03]} {[%emt 00:09:09]} d5 {[%clk 00:03:02]} {[%emt
00:00:10]} 2. c4 {[%clk 00:03:03]} {[%emt 00:00:02]} e6 {[%clk 00:02:58]}
{[%emt 00:00:06]} 3. cxd5 {[%clk 00:03:04]} exd5 {[%clk 00:02:59]} {[%emt
00:00:01]} 4. Nc3 {[%clk 00:03:05]} {[%emt 00:00:01]} Nf6 {[%clk 00:03:00]}
{[%emt 00:00:02]} 5. Bg5 {[%clk 00:03:06]} {[%emt 00:00:01]} Bb4 {[%clk
00:03:00]} {[%emt 00:00:01]} 6. Qc2 {[%clk 00:03:02]} {[%emt 00:00:06]} h6
{[%clk 00:02:58]} {[%emt 00:00:04]} 7. Bh4 {[%clk 00:03:03]} O-O {[%clk
00:02:51]} {[%emt 00:00:09]} 8. Nf3 {[%clk 00:03:03]} {[%emt 00:00:02]} g5
{[%clk 00:02:43]} {[%emt 00:00:10]} 9. Bg3 {[%clk 00:03:04]} {[%emt 00:00:02]}
Ne4 {[%clk 00:02:42]} {[%emt 00:00:03]} 10. e3 {[%clk 00:02:52]} {[%emt
00:00:13]} c5 {[%clk 00:02:40]} {[%emt 00:00:05]} 11. a3 {[%clk 00:02:44]}
{[%emt 00:00:10]} Qa5 {[%clk 00:02:19]} {[%emt 00:00:22]} 12. Rc1 {[%clk
00:02:33]} {[%emt 00:00:13]} Bxc3+ {[%clk 00:02:03]} {[%emt 00:00:18]} 13. bxc3
{[%clk 00:02:33]} {[%emt 00:00:02]} c4 {[%clk 00:02:03]} {[%emt 00:00:03]} 14.
Be2 {[%clk 00:02:19]} {[%emt 00:00:16]} Bf5 {[%clk 00:01:57]} {[%emt 00:00:07]}
15. Qb2 {[%clk 00:02:12]} {[%emt 00:00:09]} Nd7 {[%clk 00:01:46]} {[%emt
00:00:13]} 16. Nd2 {[%clk 00:02:05]} {[%emt 00:00:09]} Ndf6 {[%clk 00:01:39]}
{[%emt 00:00:09]} 17. Be5 {[%clk 00:02:03]} {[%emt 00:00:04]} Qa6 {[%clk
00:01:20]} {[%emt 00:00:21]} 18. Bxf6 {[%clk 00:02:01]} {[%emt 00:00:04]} Nxf6
{[%clk 00:01:09]} {[%emt 00:00:13]} 19. O-O {[%clk 00:01:59]} {[%emt 00:00:03]}
h5 {[%clk 00:01:01]} {[%emt 00:00:11]} 20. Nb3 {[%clk 00:01:52]} {[%emt
00:00:08]} Qd6 {[%clk 00:00:51]} {[%emt 00:00:12]} 21. Nc5 {[%clk 00:01:46]}
{[%emt 00:00:09]} b6 {[%clk 00:00:52]} {[%emt 00:00:01]} 22. Na6 {[%clk
00:01:37]} {[%emt 00:00:10]} g4 {[%clk 00:00:49]} {[%emt 00:00:05]} 23. f3
{[%clk 00:01:31]} {[%emt 00:00:08]} h4 {[%clk 00:00:45]} {[%emt 00:00:07]} 24.
fxg4 {[%clk 00:01:24]} {[%emt 00:00:09]} Bxg4 {[%clk 00:00:45]} {[%emt
00:00:02]} 25. Bxg4 {[%clk 00:01:25]} Nxg4 {[%clk 00:00:46]} {[%emt 00:00:02]}
26. g3 {[%clk 00:01:21]} {[%emt 00:00:05]} hxg3 {[%clk 00:00:46]} {[%emt
00:00:02]} 27. hxg3 {[%clk 00:01:22]} {[%emt 00:00:02]} Qxg3+ {[%clk 00:00:47]}
{[%emt 00:00:01]} 28. Qg2 {[%clk 00:01:23]} {[%emt 00:00:01]} Qxg2+ {[%clk
00:00:44]} {[%emt 00:00:05]} 29. Kxg2 {[%clk 00:01:24]} Nxe3+ {[%clk 00:00:45]}
{[%emt 00:00:01]} 30. Kf3 {[%clk 00:01:22]} {[%emt 00:00:03]} Nxf1 {[%clk
00:00:44]} {[%emt 00:00:03]} 31. Rxf1 {[%clk 00:01:23]} Rfe8 {[%clk 00:00:42]}
{[%emt 00:00:04]} 32. Rg1+ {[%clk 00:01:20]} {[%emt 00:00:05]} Kf8 {[%clk
00:00:43]} {[%emt 00:00:01]} 33. Nc7 {[%clk 00:01:20]} {[%emt 00:00:03]} Rac8
{[%clk 00:00:38]} {[%emt 00:00:06]} 34. Nxe8 {[%clk 00:01:20]} {[%emt
00:00:02]} Rxe8 {[%clk 00:00:39]} {[%emt 00:00:01]} 35. Rg5 {[%clk 00:01:18]}
{[%emt 00:00:04]} Rd8 {[%clk 00:00:39]} {[%emt 00:00:03]} 36. a4 {[%clk
00:01:16]} {[%emt 00:00:03]} Ke7 {[%clk 00:00:39]} {[%emt 00:00:03]} 37. Re5+
{[%clk 00:01:16]} {[%emt 00:00:02]} Kf6 {[%clk 00:00:37]} {[%emt 00:00:03]} 38.
Kf4 {[%clk 00:01:16]} {[%emt 00:00:02]} a6 {[%clk 00:00:34]} {[%emt 00:00:05]}
39. Rf5+ {[%clk 00:01:15]} {[%emt 00:00:04]} Ke6 {[%clk 00:00:35]} {[%emt
00:00:01]} 40. Re5+ {[%clk 00:01:16]} Kd6 {[%clk 00:00:33]} {[%emt 00:00:04]}
41. Rf5 {[%clk 00:01:16]} {[%emt 00:00:02]} Rd7 {[%clk 00:00:33]} {[%emt
00:00:02]} 42. Rf6+ {[%clk 00:01:15]} {[%emt 00:00:02]} Kc7 {[%clk 00:00:34]}
{[%emt 00:00:02]} 43. Ke5 {[%clk 00:01:15]} {[%emt 00:00:02]} Kb7 {[%clk
00:00:31]} {[%emt 00:00:05]} 44. Rd6 {[%clk 00:01:12]} {[%emt 00:00:04]} Rxd6
{[%clk 00:00:23]} {[%emt 00:00:10]} 45. Kxd6 {[%clk 00:01:13]} b5 {[%clk
00:00:22]} {[%emt 00:00:03]} 46. axb5 {[%clk 00:01:07]} {[%emt 00:00:07]} axb5
{[%clk 00:00:23]} {[%emt 00:00:02]} 47. Kxd5 {[%clk 00:01:09]} {[%emt
00:00:01]} f5 {[%clk 00:00:21]} {[%emt 00:00:04]} 48. Ke5 {[%clk 00:01:08]}
{[%emt 00:00:02]} b4 {[%clk 00:00:21]} {[%emt 00:00:02]} 49. cxb4 {[%clk
00:01:09]} {[%emt 00:00:01]} c3 {[%clk 00:00:22]} 50. d5 {[%clk 00:01:09]}
{[%emt 00:00:03]} c2 {[%clk 00:00:23]} 51. d6 {[%clk 00:01:10]} {[%emt
00:00:01]} c1=Q {[%clk 00:00:22]} {[%emt 00:00:02]} 52. Kxf5 {[%clk 00:01:11]}
{[%emt 00:00:02]} Qe3 {[%clk 00:00:21]} {[%emt 00:00:02]} 53. Kf6 {[%clk
00:01:12]} {[%emt 00:00:02]} Qe8 {[%clk 00:00:21]} {[%emt 00:00:01]} 54. b5
{[%clk 00:01:11]} {[%emt 00:00:03]} Kb6 {[%clk 00:00:22]} {[%emt 00:00:02]} 55.
d7 {[%clk 00:01:10]} {[%emt 00:00:03]} Qxd7 {[%clk 00:00:23]} {[%emt 00:00:01]}
56. Ke5 {[%clk 00:01:11]} {[%emt 00:00:01]} Qxb5+ {[%clk 00:00:23]} {[%emt
00:00:02]} 57. Kd6 {[%clk 00:01:12]} Qc6 {[%clk 00:00:22]} {[%emt 00:00:02]} 58.
Ke5 {[%clk 00:01:13]} {[%emt 00:00:02]} Qd7 {[%clk 00:00:22]} {[%emt 00:00:02]}
59. Kf6 {[%clk 00:01:14]} Qe8 {[%clk 00:00:22]} {[%emt 00:00:01]} 60. Kf5
{[%clk 00:01:15]} {[%emt 00:00:02]} Kc5 {[%clk 00:00:23]} 61. Kf6 {[%clk
00:01:15]} {[%emt 00:00:01]} Kd6 {[%clk 00:00:23]} {[%emt 00:00:01]} 62. Kf5
{[%clk 00:01:16]} {[%emt 00:00:02]} Qe5+ {[%clk 00:00:24]} 63. Kg4 {[%clk
00:01:17]} {[%emt 00:00:02]} Qf6 {[%clk 00:00:25]} 64. Kg3 {[%clk 00:01:18]}
{[%emt 00:00:02]} Ke5 {[%clk 00:00:26]} 65. Kg4 {[%clk 00:01:18]} Ke4 {[%clk
00:00:25]} {[%emt 00:00:04]} 66. Kg3 {[%clk 00:01:19]} {[%emt 00:00:02]} Ke3
{[%clk 00:00:26]} 67. Kg4 {[%clk 00:01:20]} {[%emt 00:00:01]} Qg6+ {[%clk
00:00:26]} {[%emt 00:00:01]} 68. Kh4 {[%clk 00:01:21]} {[%emt 00:00:02]} Kf4
{[%clk 00:00:26]} {[%emt 00:00:02]} 69. Kh3 {[%clk 00:01:22]} {[%emt 00:00:01]}
Qg3+ {[%clk 00:00:27]} 0-1

[Event "Turniej Blitza na II Lidze Juniorów 2018"]
[Site "Szczyrk, Poland"]
[Date "2018.07.26"]
[Round "2.27"]
[White "Jaworski, Tymon"]
[Black "Sadzikowski, Marian"]
[Result "1-0"]
[TimeControl "3'+2\""]
[WhiteElo "1383"]
[BlackElo "1706"]

1. e4 {[%clk 00:03:03]} {[%emt 00:00:01]} b6 {[%clk 00:03:04]} {[%emt
00:00:01]} 2. g3 {[%clk 00:03:03]} {[%emt 00:00:02]} Bb7 {[%clk 00:03:05]}
{[%emt 00:00:01]} 3. Bg2 {[%clk 00:03:03]} {[%emt 00:00:01]} e6 {[%clk
00:03:06]} 4. d4 {[%clk 00:03:04]} {[%emt 00:00:01]} Nf6 {[%clk 00:03:06]}
{[%emt 00:00:03]} 5. Nd2 {[%clk 00:03:01]} {[%emt 00:00:04]} Be7 {[%clk
00:03:05]} {[%emt 00:00:04]} 6. Ne2 {[%clk 00:03:02]} {[%emt 00:00:01]} d5
{[%clk 00:03:05]} {[%emt 00:00:02]} 7. e5 {[%clk 00:03:02]} {[%emt 00:00:02]}
Nfd7 {[%clk 00:03:06]} {[%emt 00:00:01]} 8. Nb3 {[%clk 00:02:59]} {[%emt
00:00:04]} c5 {[%clk 00:03:07]} {[%emt 00:00:01]} 9. c3 {[%clk 00:02:59]}
{[%emt 00:00:02]} Nc6 {[%clk 00:03:03]} {[%emt 00:00:05]} 10. O-O {[%clk
00:02:58]} {[%emt 00:00:03]} h6 {[%clk 00:03:05]} {[%emt 00:00:01]} 11. f4
{[%clk 00:02:59]} {[%emt 00:00:01]} a5 {[%clk 00:03:03]} {[%emt 00:00:04]} 12.
f5 {[%clk 00:02:56]} {[%emt 00:00:04]} Qc7 {[%clk 00:02:30]} {[%emt 00:00:35]}
13. fxe6 {[%clk 00:02:43]} {[%emt 00:00:15]} fxe6 {[%clk 00:02:30]} {[%emt
00:00:02]} 14. Nf4 {[%clk 00:02:38]} {[%emt 00:00:07]} Nf8 {[%clk 00:02:19]}
{[%emt 00:00:13]} 15. Qh5+ {[%clk 00:02:29]} {[%emt 00:00:10]} Kd7 {[%clk
00:02:07]} {[%emt 00:00:16]} 16. Qg4 {[%clk 00:02:21]} {[%emt 00:00:09]} Nd8
{[%clk 00:01:53]} {[%emt 00:00:17]} 17. Bxd5 {[%clk 00:02:00]} {[%emt
00:00:22]} Bxd5 {[%clk 00:01:41]} {[%emt 00:00:15]} 18. Nxd5 {[%clk 00:02:00]}
{[%emt 00:00:02]} Qc6 {[%clk 00:01:38]} {[%emt 00:00:04]} 19. Nxe7 {[%clk
00:01:57]} {[%emt 00:00:04]} Kxe7 {[%clk 00:01:38]} {[%emt 00:00:03]} 20. Qxg7+
{[%clk 00:01:56]} {[%emt 00:00:03]} Nf7 {[%clk 00:01:27]} {[%emt 00:00:13]} 21.
Rxf7+ {[%clk 00:01:54]} {[%emt 00:00:04]} Kd8 {[%clk 00:01:22]} {[%emt
00:00:08]} 22. Qxh8 {[%clk 00:01:50]} {[%emt 00:00:06]} Rc8 {[%clk 00:01:11]}
{[%emt 00:00:13]} 23. Qxf8+ {[%clk 00:01:48]} {[%emt 00:00:03]} Qe8 {[%clk
00:01:13]} 24. Qd6+ {[%clk 00:01:43]} {[%emt 00:00:07]} 1-0

[Event "Turniej Blitza na II Lidze Juniorów 2018"]
[Site "Szczyrk, Poland"]
[Date "2018.07.26"]
[Round "2.19"]
[White "Trybus, Daniel"]
[Black "Matyszkiewicz, Wiktor"]
[Result "1-0"]
[TimeControl "3'+2\""]
[WhiteElo "1837"]
[BlackElo "1431"]

1. g3 {[%clk 00:03:03]} Nf6 {[%clk 00:03:01]} {[%emt 00:00:03]} 2. Bg2 {[%clk
00:03:04]} g6 {[%clk 00:03:02]} {[%emt 00:00:02]} 3. Nf3 Bg7 {[%emt 00:00:01]}
4. O-O {[%clk 00:03:04]} {[%emt 00:00:02]} O-O {[%clk 00:03:03]} {[%emt
00:00:02]} 5. d4 {[%clk 00:03:05]} {[%emt 00:00:01]} d6 {[%clk 00:03:04]}
{[%emt 00:00:01]} 6. c4 {[%clk 00:03:06]} {[%emt 00:00:01]} Nbd7 {[%clk
00:03:03]} {[%emt 00:00:02]} 7. Nc3 {[%clk 00:03:06]} {[%emt 00:00:02]} e5
{[%clk 00:03:00]} {[%emt 00:00:04]} 8. dxe5 {[%clk 00:03:02]} {[%emt 00:00:07]}
Nxe5 {[%clk 00:02:58]} {[%emt 00:00:04]} 9. Nxe5 {[%clk 00:02:57]} {[%emt
00:00:07]} dxe5 {[%clk 00:02:59]} {[%emt 00:00:01]} 10. Bg5 {[%clk 00:02:55]}
{[%emt 00:00:05]} h6 {[%clk 00:02:53]} {[%emt 00:00:08]} 11. Be3 {[%clk
00:02:55]} {[%emt 00:00:01]} c6 {[%clk 00:02:52]} {[%emt 00:00:03]} 12. Bc5
{[%clk 00:02:53]} {[%emt 00:00:04]} Re8 {[%clk 00:02:49]} {[%emt 00:00:06]} 13.
Qc2 {[%clk 00:02:50]} {[%emt 00:00:04]} Be6 {[%clk 00:02:49]} {[%emt 00:00:02]}
14. Rad1 {[%clk 00:02:23]} {[%emt 00:00:30]} Qc7 {[%clk 00:02:40]} {[%emt
00:00:08]} 15. Bd6 {[%clk 00:02:20]} {[%emt 00:00:07]} Qb6 {[%clk 00:02:40]}
{[%emt 00:00:02]} 16. c5 {[%clk 00:02:13]} {[%emt 00:00:10]} Qa6 {[%clk
00:02:23]} {[%emt 00:00:19]} 17. a3 {[%clk 00:01:54]} {[%emt 00:00:21]} Bf8
{[%clk 00:01:55]} {[%emt 00:00:29]} 18. Bxe5 {[%clk 00:01:45]} {[%emt
00:00:11]} Bf5 {[%clk 00:01:55]} {[%emt 00:00:02]} 19. e4 {[%clk 00:01:41]}
{[%emt 00:00:06]} Rxe5 {[%clk 00:01:40]} {[%emt 00:00:17]} 20. exf5 {[%clk
00:01:38]} {[%emt 00:00:05]} Rxf5 {[%clk 00:01:40]} {[%emt 00:00:03]} 21. Na4
{[%clk 00:01:05]} {[%emt 00:00:35]} Qb5 {[%clk 00:01:12]} {[%emt 00:00:30]} 22.
b4 {[%clk 00:01:02]} {[%emt 00:00:05]} Re8 {[%clk 00:01:12]} {[%emt 00:00:02]}
23. Rfe1 {[%clk 00:00:56]} {[%emt 00:00:08]} Rxe1+ {[%emt 00:00:21]} 24. Rxe1
Nd5 {[%clk 00:00:21]} {[%emt 00:00:32]} 25. Bf1 {[%clk 00:00:45]} {[%emt
00:00:16]} Nxb4 {[%clk 00:00:21]} {[%emt 00:00:01]} 26. axb4 {[%clk 00:00:46]}
{[%emt 00:00:01]} Qxb4 {[%clk 00:00:22]} {[%emt 00:00:02]} 27. Rb1 {[%clk
00:00:44]} {[%emt 00:00:04]} Qd4 {[%clk 00:00:20]} {[%emt 00:00:03]} 28. Rxb7
{[%clk 00:00:35]} {[%emt 00:00:11]} Bxc5 {[%clk 00:00:20]} {[%emt 00:00:02]} 29.
Nxc5 {[%clk 00:00:35]} {[%emt 00:00:03]} Rxc5 {[%clk 00:00:20]} {[%emt
00:00:01]} 30. Qa2 {[%clk 00:00:34]} {[%emt 00:00:03]} Qf6 {[%clk 00:00:17]}
{[%emt 00:00:05]} 31. Qxa7 {[%clk 00:00:34]} {[%emt 00:00:02]} Rf5 {[%clk
00:00:17]} {[%emt 00:00:02]} 32. Rb8+ {[%clk 00:00:27]} {[%emt 00:00:09]} Kg7
{[%clk 00:00:17]} {[%emt 00:00:02]} 33. Qb6 {[%clk 00:00:26]} {[%emt 00:00:02]}
Qe5 {[%clk 00:00:12]} {[%emt 00:00:08]} 34. Qd8 {[%clk 00:00:23]} {[%emt
00:00:06]} Qc5 {[%clk 00:00:11]} {[%emt 00:00:03]} 35. Qh8# {[%clk 00:00:23]}
{[%emt 00:00:01]} 1-0